00337cam a22001097a 4500008004000000082001400040100002100054245007200075260004600147300001000193650002400203180718b1947 xxu||||| |||| 00| 0 eng d aT000 M619 aMillett, John D. aProcess and organization of government planningcby John D. Millett aNew YorkbColumbia Univeristy Pressc1947 a187p. aGovernment planning